| 000 | 00700nam a2200253 a 4500 | ||
|---|---|---|---|
| 001 | nice12345678 | ||
| 003 | IN_TiNIC | ||
| 005 | 20260116013734.0 | ||
| 008 | 050524s1990 alba grp 000 0 eng | ||
| 020 |
_a0791444 _c1394 |
||
| 082 | 0 | 0 |
_a909.0974927 _bBOU |
| 100 | _aBoullata, Issa J | ||
| 245 | _aTrends and Issues in Contemporary Arab Thought | ||
| 260 |
_aAlbany _bState University of New York _c1990 |
||
| 300 | _a217p | ||
| 500 | _aincludes index and biblioraphy | ||
| 505 | 2 | _aNotes, Bibliography, Index | |
| 650 | _aArab Countries-Intellectual Life | ||
| 650 | _aCivilization-Arab | ||
| 700 | 1 | _aBoullata, Issa J | |
| 902 | _bSRS | ||
| 942 | _cBK | ||
| 999 |
_c12235 _d12235 |
||